|
|
|
|
| LEADER |
00762nab a2200205 i 4500 |
| 001 |
misc26543 |
| 005 |
20191111110311.0 |
| 008 |
170913s1979 hu o 0|| zxx d |
| 040 |
|
|
|a SZTE Miscellanea Repozitórium
|b hun
|
| 041 |
|
|
|a zxx
|
| 100 |
1 |
|
|a Kocsis Julianna
|
| 245 |
1 |
0 |
|a Effect of cyproterone acetate in averting renal cortical necrosis after androgen + vasopressin administration in the rat
|h [elektronikus dokumentum] /
|c Kocsis Julianna
|
| 260 |
|
|
|c 1979
|
| 300 |
|
|
|a 182
|
| 490 |
0 |
|
|a Kolligátum
|
| 695 |
|
|
|a Kísérleti állatok, Vesebetegségek - előadáskivonat
|
| 700 |
0 |
1 |
|a Szabó Erzsébet
|e aut
|
| 700 |
0 |
1 |
|a László Ferenc
|e aut
|
| 700 |
0 |
1 |
|a Mónus Zoltán
|e aut
|
| 856 |
4 |
0 |
|u http://misc.bibl.u-szeged.hu/26543/1/019_008_182.pdf
|z Dokumentum-elérés
|